000 00537nam a2200217Ia 4500
003 OSt
005 20220924133816.0
006 a|||||r|||| 00| 0
007 ta
008 220923b |||||||| |||| 00| 0 snd d
024 _a269072
037 _cTextual
040 _aARTS
_cARTS
_bsnd
041 _2snd
_asnd
082 _aV2y7M69, 1593K4
100 _aRadhakrishan
_9207430
245 0 _aInsan subh bhair
260 _c1964
942 _hV2y7M69, 1593K4
_cTEXL
_2CC
999 _c435343
_d435343